000 00577cam a22002291 4500
001 sa 67005776
003 DLC
005 20260227112400.0
008 940801s1966 ii c 000 0 pano
010 _asa 67005776
025 _aPL480:I-Pu-865
035 _a(OCoLC)30859955
040 _aDLC
_cCU
_dCU
_dDLC
042 _apremarc
050 0 0 _aPK2659.P35
_bH3
100 1 _aPatārawī, Mahindara Siṅgha.
245 1 0 _aHaukiāṃ saṅga paranāe.
260 _c[1967, i.e. 1966]
300 _a9, 111 p.
_bport.
_c19 cm.
500 _aIn Panjabi.
500 _aPoems.
999 _c75443
_d75443